000 00794cam a22002291 4500
001 sa 68020684
003 DLC
005 20260227112726.0
008 760701s1966 io 000 0 ind
010 _asa 68020684
035 _a(OCoLC)2292493
040 _aDLC
_cOAU
_dOCoLC
_dDLC
042 _apremarc
050 0 0 _aLA99
_b.J86
100 1 _aYunus, Mahmud,
_d1899-1982.
245 1 0 _aSedjarah pendidikan Islam,
_bdari zaman Nabi s.a.w., chalifah² Rasjidin, Bani Umaijah dan Abbasijah sampai zaman Mamluks dan Usmanijah Turki /
_coleh Mahmud Junus untuk mahasiswa² Fakultas Tarbijah I. A. I. N.
250 _aTjet. 1.
260 _aDjakarta :
_bMutiara,
_c1966.
300 _a158 p. ;
_c22 cm.
504 _aIncludes bibliographical references.
650 0 _aIslamic education
_xHistory.
999 _c89558
_d89558